| 000 | 00614nam a2200205Ia 4500 | ||
|---|---|---|---|
| 005 | 20250508165702.0 | ||
| 008 | 008 250505s9999 xx 000 0 eng d | ||
| 037 | _aTextual | ||
| 040 |
_aFEDL _beng _cFEDL |
||
| 041 |
_aeng _2eng |
||
| 084 |
_a540.920, COB _qFEDL |
||
| 100 |
_aCobb Cathy _9781611 |
||
| 245 | 0 | _aCreation of fire : chemistry's lively history from alchemy to the atomic age | |
| 260 |
_aNew York, USA _bPlenum Press _c1995 |
||
| 300 | _axvi,475p. | ||
| 365 |
_aUSD _b34.74 |
||
| 700 |
_a Goldwhile Harold _9781612 |
||
| 942 |
_cTEXL _h540.920, COB |
||
| 999 |
_c1396736 _d1396736 |
||